| 000 | 00834nam a2200241 a 4500 | ||
|---|---|---|---|
| 001 | 000028414 | ||
| 003 | DO-SdBNP | ||
| 005 | 20240110104149.0 | ||
| 006 | a||||gr|||| 00| 0 | ||
| 007 | ta | ||
| 008 | 110408e1955 dr ac r 000 e spa d | ||
| 040 |
_aDO-SdBNP _bspa _cBNPHU _erda |
||
| 082 | 4 |
_bP314e _222 |
|
| 245 | 0 | 0 |
_aPatriotismo y educación : _bun trascendental llamamiento del generalísimo Trujillo para erradicar definitivamente el analfabetismo en la República Dominicana. |
| 264 | 1 |
_aCiudad Trujillo : _bEditora del Caribe, _c1955. |
|
| 300 |
_a10 páginas ; _bIlustraciones, retrato ; _c25 cm. |
||
| 336 |
_2rdacontent _atexto _btxt |
||
| 337 |
_2rdamedia _asin mediación _bn |
||
| 338 |
_2rdacarrier _avolumen _bnc |
||
| 500 | _aAño del benefactor de la patria. | ||
| 590 | _aInventariado 2024 / MF | ||
| 942 |
_2ddc _cLF2 |
||
| 999 |
_c27906 _d27906 |
||